| 000 | 00329 a2200121 4500 | ||
|---|---|---|---|
| 001 | 89957 | ||
| 082 | _a891.4391 MAS | ||
| 090 |
_c42418 _d42418 |
||
| 100 | _aMasood Mufti | ||
| 245 |
_aUrdu Sha'ery kay Top 20 Classic Sha'er _bTop 20 Classic Sha'er _hUrdu |
||
| 260 |
_aLahore _bIlm-o-Irfan Publishers _c2014 |
||
| 300 | _a376p. | ||
| 942 |
_aCAE NUST _k891.4391 MAS |
||
| 999 |
_c325030 _d325030 |
||